• 首页
  • 本馆介绍
  • 公告通知
  • 最新文献
  • 馆藏检索
  • 电子资源
  • 读者导购
  • 参考咨询
  • 我的图书馆
  • 登录
  • 详细信息显示
  • 放入我的书架
  • 预约/预借图书
  • 作者相关作品
  • 分类相关作品
  • 丛书相关作品
  • 出版社相关作品

书目信息

  • 表格格式
  • 工作单格式
  • 卡片格式
题名:
电子信息类专业毕业设计(论文)指导教程
    
 
作者: 杨路明 主编
分册:  
出版信息: 长沙   中南大学出版社  2005.04
页数: 279页
开本: 23cm
丛书名:
单 册:
中图分类: TN-43 , TP3
科图分类:
主题词: 电子技术--毕业设计--高等学校--教学参考资料 , 电子计算机--毕业设计--高等学校--教学参考资料 , 电子技术 , 毕业设计 , 电子计算机
电子资源:
ISBN: 7-81105-058-7
000 01018nam0 2200277 450
001 002907422
005 20050905094518.0
010    @a7-81105-058-7@dCNY22.00
100    @a20100913d2005 em y0chiy0110 ea
101 0  @achi
102    @aCN@b430000
105    @ay z 000yy
200 1  @a电子信息类专业毕业设计(论文)指导教程@Adian zi xin xi lei zhuan ye bi ye she ji ( lun wen ) zhi dao jiao cheng@f杨路明主编
210    @a长沙@c中南大学出版社@d2005.04
215    @a279页@d23cm
330    @a本书主要介绍了毕业设计各环节的具体实施方法、步骤和原则,列举了典型的毕业设计范例和毕业设计选题,内容涵盖电子信息类专业主要知识。全书分六章,包括毕业设计实施过程、毕业设计的组织管理等。
606 0  @a电子技术@x毕业设计@x高等学校@j教学参考资料
606 0  @a电子计算机@x毕业设计@x高等学校@j教学参考资料
606 0  @a电子技术
606 0  @a毕业设计
606 0  @a电子计算机
690    @aTN-43@v5
690    @aTP3@v5
701  0 @a杨路明@Ayang lu ming@f(1947~)@4主编
905    @aBZT@dTN-43@e1
906    @dCNY22.00@n0@r1
    
    电子信息类专业毕业设计(论文)指导教程/杨路明主编.-长沙:中南大学出版社,2005.04
    279页;23cm
    
    
    ISBN 7-81105-058-7:CNY22.00
    本书主要介绍了毕业设计各环节的具体实施方法、步骤和原则,列举了典型的毕业设计范例和毕业设计选题,内容涵盖电子信息类专业主要知识。全书分六章,包括毕业设计实施过程、毕业设计的组织管理等。
●
相关链接 在五车中查询图书 在当当中查询图书 在豆瓣中查询图书


正题名:电子信息类专业毕业设计(论文)指导教程     索取号:TN-43/1         预约/预借

序号 登录号 条形码 馆藏地/架位号 状态 备注
1 775488   2000775488   中心书库中库/ 中库029架A面7列1层31/ [索取号:TN-43/1] 在馆    
2 775489   2000775489   中心书库中库/ 中库029架A面7列1层33/ [索取号:TN-43/1] 在馆    
3 775490   2000775490   中心书库中库/ 中库029架A面7列1层30/ [索取号:TN-43/1] 在馆    
4 775491   2000775491   中心书库中库/ 中库029架A面7列1层29/ [索取号:TN-43/1] 在馆    
5 775492   2000775492   中心书库中库/ 中库029架A面7列1层27/ [索取号:TN-43/1] 在馆    
6 775493   2000775493   中心书库中库/ 中库029架A面7列1层28/ [索取号:TN-43/1] 在馆    
7 775494   2000775494   中心书库中库/ 中库029架A面7列1层32/ [索取号:TN-43/1] 在馆    
8 775495   2000775495   中心书库中库/ 中库029架A面7列1层26/ [索取号:TN-43/1] 在馆    
9 775496   2000775496   中心书库中库/ 中库029架A面7列1层25/ [索取号:TN-43/1] 在馆    
10 775497   2000775497   中心书库中库/ 中库029架A面7列1层24/ [索取号:TN-43/1] 在馆    
山东省滨州职业学院图书馆 欢迎您!
大连网信软件有限公司© 版权所有